MARC

LEADER 00000nam0a2200000 4500
001 59285
005 20231031060206.0
010 |a 5940571123 
035 |a (RuTPU)RU\TPU\book\62660 
090 |a 59285 
100 |a 20031224d2003 k y0rusy50 ca 
101 0 |a rus 
102 |a RU 
105 |a a z 011zy 
200 1 |a Фундаментальная математика сегодня  |e К десятилетию Независимого Московского Университета  |f Под ред. С. К. Ландо, О. К. Шейнмана 
210 |a Москва  |c НМУ  |d 2003 
215 |a 408 с.  |c ил. 
320 |a Библиогр.: с. 402-404. 
610 1 |a геометрия 
610 1 |a фундаментальная математика 
610 1 |a топология 
610 1 |a динамические системы 
610 1 |a алгебры Ли 
610 1 |a числа 
610 1 |a алгебраическая геометрия 
610 1 |a метрические пространства 
610 1 |a проблемы Гильберта 
610 1 |a группы Ли 
610 1 |a адиабатические пределы 
610 1 |a абрикосовские нити 
610 1 |a теорема Брауэра-Зигеля 
610 1 |a мероморфные функции 
610 1 |a алгебры Кричевера-Новикова 
675 |a 510  |v 3 
702 1 |a Ландо  |b С. К.  |4 340 
702 1 |a Шейнман  |b О. К.  |4 340 
801 1 |a RU  |b 63413507  |c 20031224  |g PSBO 
801 2 |a RU  |b 63413507  |c 20140507  |g PSBO 
942 |c BK